000 00280nam a22001097a 4500
082 _a621.381548 GIL
100 _aGILLUES,ROBERT.B
_965639
245 _aINSTRUMENTATION AND MEASUREMENTS FOR ELECTRONIC TECHNICIANS
260 _aNEW YORK
_bPDF
_c1969
300 _a266P
942 _cBK
999 _c573793
_d573793